| 000 | 01022cam a22002894a 4500 | ||
|---|---|---|---|
| 001 | 13194613 | ||
| 003 | CEME | ||
| 005 | 20210628201528.0 | ||
| 008 | 030512s2004 iaua 001 0 eng | ||
| 010 | _a 2003053975 | ||
| 020 | _a007235447X (alk. paper) | ||
| 020 | _a0071192557 (ISE : alk. paper) | ||
| 040 |
_aDLC _cDLC _dDLC |
||
| 042 | _apcc | ||
| 050 | 0 | 0 |
_aQA76.73.J38 _bC656 2004 |
| 082 | 0 | 0 |
_a005.13/3 _221 |
| 100 | 1 |
_aCohoon, James P. _955663 |
|
| 245 | 1 | 0 |
_aJava program design _cJames P. Cohoon, Jack W. Davidson. |
| 260 |
_aBoston : _bMcGraw-Hill Higher Education, _cc2004. |
||
| 300 |
_axxiii, 904 p. : _bill. (some col.) ; _c24 cm. |
||
| 500 | _aIncludes index. | ||
| 650 | 0 |
_aJava (Computer program language) _98017 |
|
| 700 | 1 |
_aDavidson, Jack W. _q(Jack Winfred) _955664 |
|
| 856 | 4 | 2 |
_3Publisher description _uhttp://www.loc.gov/catdir/enhancements/fy0614/2003053975-d.html |
| 856 | 4 | 1 |
_3Table of contents only _uhttp://www.loc.gov/catdir/enhancements/fy0614/2003053975-t.html |
| 942 |
_2ddc _cBK |
||
| 999 |
_c566427 _d566427 |
||